000 01176nam a2200241Ia 4500
999 _c52469
_d52469
001 19492
003 GE_BSU
005 20200313174450.0
008 181216s1990||||ge |||||||||||||| ||geo||
040 _cGE_BSU
041 _ageo
080 _a 801.73 ე-70
100 _aენუქიძე, რუსუდან
_97720
245 _aლინგვისტური პრაგმატიკა და მხატვრული ტექსტის პროცესუალობა :
_bინგლისურ-ამერიკული მოთხრობის მასალაზე /
_cრუსუდან ენუქიძე ; რედ. გ. ლებანიძე.
264 _aთბილისი :
_bთბილ. უნ-ტის გამ-ბა,
_c1990.
300 _a306 გვ. ;
_c20 სმ.
504 _aბიბლიოგრ. გვ. 282.
653 _aლინგვისტიკა
653 _aმხატვრული ტექსტი
653 _aინგლისური მოთხრობა
700 _aლებანიძე, გ.
_eრედაქტორი
_97721
942 _cBK
_2udc